| 000 | 01010nam0a22002651 4500 | ||
|---|---|---|---|
| 001 | rc\3439442 | ||
| 005 | 20260407015152.0 | ||
| 021 |
_aRU _b[70-29302] |
||
| 035 | _a(NLR Aleph) 007589518 | ||
| 090 |
_a5595947 _c5595947 |
||
| 100 | _a20130115d1970 |||y0rusy50 ca | ||
| 101 | 0 | _arus | |
| 102 | _aRU | ||
| 105 | _ay z ||||| | ||
| 200 | 1 |
_aТезисы докладов _fАН ГССР. Геол. ин-т. Науч. сессия, посвящ. 100-летию дня рождения В.И. Ленина. (31 марта и 1 апр. 1970 г.) |
|
| 210 |
_aТбилиси _cБ. и. _d1970 |
||
| 215 |
_a30 с. _d21 |
||
| 606 |
_aГеология ГССР _jТезисы докладов _2psbo |
||
| 710 | 0 | 2 |
_aГеологический институт им. А. И. Джанелидзе _bНаучная сессия _cТбилиси _f1970 _9504578 _3RU\NLR\AUTH\8810003646 |
| 801 | 0 |
_aRU _bNLR _gpsbo |
|
| 801 | 1 |
_aRU _bELAR _2rusmarc |
|
| 852 |
_aNLR _j70-6/2072 |
||
| 942 | _cBOOK | ||
| 980 | _aNB | ||